Score 0/20 Timer 10:00
0 Plays Today
Definition Answer % Correct
An angle measuring less than 90 degreesacute angle
86.7%
To cut into 2 equal partsbisect
76.2%
A fancy geometry word for 'equal'congruent
76%
Two or more angles that add to 90 degreescomplementary angles
72.6%
Two or more angles that add to 180 degreessupplementary angles
70.8%
A one-dimensional array of points with definite endpointsline segment
69.3%
An angle measuring 180 degreesstraight angle
68.2%
Two lines that intersect to form a right angleperpendicular lines
61.9%
Two lines that do not intersect and are coplanarparallel lines
59.9%
The point that is equidistant from both endpoints on a line segmentmidpoint
56.4%
Definition Answer % Correct
Two angles that are across from each other in an intersection of 2 linesvertical angles
50.6%
An unproven statement based on observations; a guessconjecture
45.7%
Two lines that do not intersect and are not coplanarskew lines
44%
The property that states if G=H and H=J, then G=Jtransitive property
43.6%
An if-then statementconditional statement
34.8%
The negation of an if-then statementinverse
34.6%
The statement formed by negating AND switching the hypothesis and conclusion in an if-then statementcontrapositive
34%
y - y1 = m(x - x1)point-slope form
33.8%
Two angles that are adjacent and together form a straight anglelinear pair
29%
The basketball player on the poster in the back of Mr. Weinmann's classroomDwight Howard
20.7%
Remove Ads.
Support Sporcle.
Get the best of Sporcle when you Go Orange. This ad-free experience offers more features, more stats, and more fun while also helping to support Sporcle. Thank you for becoming a member.

You're not logged in!

Compare scores with friends on all Sporcle quizzes.
OR
Log In

Show Comments

Extras

Top Quizzes Today


Score Distribution

Your Account Isn't Verified!

In order to create a playlist on Sporcle, you need to verify the email address you used during registration. Go to your Sporcle Settings to finish the process.

Report this User

Report this user for behavior that violates our Community Guidelines.

Details: